000 00659nam a2200277Ia 4500
005 20260324141608.0
008 008 260324s9999 xx 000 0 eng d
020 _a9781315026497
037 _aEBOOK
040 _aCRL
040 _beng
040 _cCRL
041 _2eng
041 _aeng
084 _qCRL
100 _aYasir Suleiman
_9590937
245 0 _aLanguage and Identity in the Middle East and North Africa
260 _bTaylor and Francis
260 _c1996
365 _a
365 _b300
856 _uhttp://www.taylorfrancis.com/books/9781315026497
942 _cEBOOK
999 _c1812046
_d1812046